00843nam a2200217 450000500170000000800410001702000180005802000150007604000480009104100080013910000200014724500610016726000350022830000380026349000600030150001470036150400530050865000230056165000180058470000230060220220421150906.0220421s2006 ii a|||gr|||| 00| 0 eng d a9780070616080 a0070616086 aCO-BoUCMbspacDeissy GarciadDeissy Garcia0 aeng1 aChartrand, Gary10aIntroduction to graph theorycGary Chartrand, Ping Zhang aNueva DelhibMcGraw-Hillc2006 axii, 449 páginasbilustraciones0 aThe Walter Rudin student series in advanced mathematics aBibliografía Básica - Escuela de Ingeniería, Ciencia y Tecnología - Pregrado en Matemáticas Aplicadas y Ciencias de la Computación aIncluye referencias bibliográficas e índices 7aTeoría de grafos 7aMatemáticas1 aZhang, Pingd1957-